Neural networks and intellect : (Record no. 175398)
[ view plain ]
| 000 -LEADER | |
|---|---|
| fixed length control field | 00888 a2200229 4500 |
| 003 - CONTROL NUMBER IDENTIFIER | |
| control field | Nust |
| 005 - DATE AND TIME OF LATEST TRANSACTION | |
| control field | 20230823093616.0 |
| 010 ## - LIBRARY OF CONGRESS CONTROL NUMBER | |
| LC control number | 00026297 |
| 020 ## - INTERNATIONAL STANDARD BOOK NUMBER | |
| Terms of availability | 0195111621 |
| 040 ## - CATALOGING SOURCE | |
| Transcribing agency | Nust |
| 082 00 - DEWEY DECIMAL CLASSIFICATION NUMBER | |
| Classification number | 006.32,PER |
| 100 1# - MAIN ENTRY--PERSONAL NAME | |
| Personal name | Perlovsky, Leonid I. |
| 9 (RLIN) | 61824 |
| 245 10 - TITLE STATEMENT | |
| Title | Neural networks and intellect : |
| Remainder of title | using model based concepts / |
| Statement of responsibility, etc. | Leonid I. Perlovsky. |
| 260 ## - PUBLICATION, DISTRIBUTION, ETC. | |
| Place of publication, distribution, etc. | New York : |
| Name of publisher, distributor, etc. | Oxford University Press, |
| Date of publication, distribution, etc. | 2001. |
| 300 ## - PHYSICAL DESCRIPTION | |
| Extent | xxiv, 469 p. : |
| Other physical details | ill. ; |
| Dimensions | 25 cm. |
| 505 ## - FORMATTED CONTENTS NOTE | |
| Formatted contents note | Overview (Page-1), Modeling field theory (Page-153), Futuristic Directions (Page-383) |
| 650 #0 - SUBJECT ADDED ENTRY--TOPICAL TERM | |
| Topical term or geographic name entry element | Mathematical models. |
| 9 (RLIN) | 3646 |
| 650 #0 - SUBJECT ADDED ENTRY--TOPICAL TERM | |
| Topical term or geographic name entry element | Neural networks (Computer science) |
| 9 (RLIN) | 18586 |
| 856 42 - ELECTRONIC LOCATION AND ACCESS | |
| Materials specified | Publisher description |
| Uniform Resource Identifier | <a href="http://www.loc.gov/catdir/enhancements/fy0610/00026297-d.html">http://www.loc.gov/catdir/enhancements/fy0610/00026297-d.html</a> |
| 856 42 - ELECTRONIC LOCATION AND ACCESS | |
| Materials specified | Table of contents only |
| Uniform Resource Identifier | <a href="http://www.loc.gov/catdir/enhancements/fy0610/00026297-t.html">http://www.loc.gov/catdir/enhancements/fy0610/00026297-t.html</a> |
| 942 ## - ADDED ENTRY ELEMENTS (KOHA) | |
| Koha item type | Reference |
| Source of classification or shelving scheme | |
| Withdrawn status | Lost status | Source of classification or shelving scheme | Damaged status | Not for loan | Permanent Location | Current Location | Shelving location | Date acquired | Full call number | Barcode | Date last seen | Price effective from | Koha item type | Public note |
|---|---|---|---|---|---|---|---|---|---|---|---|---|---|---|
| Military College of Signals (MCS) | Military College of Signals (MCS) | Reference | 12/12/2016 | 006.32,PER | MCS31097 | 12/08/2016 | 12/12/2016 | Book | Almirah No.18, Shelf No.5 |
